| Поле | Название | Значение |
| |
Тип записи |
a |
| |
Библиографический уровень |
m |
| 001 |
Контрольный номер |
RU\NLR\BIBL_A\010878886 |
| 005 |
Дата корректировки |
20201206205043.8 |
| 010 |
Индекс ISBN |
__ |
| a |
ISBN |
978-5-222-24103-5 (в обл.) |
| d |
Цена |
320-92 |
| 021 |
№ государственной регистрации |
__ |
| b |
№ документа |
2015-77277 |
| 100 |
Данные общей обработки |
__ |
| a |
Данные общей обработки |
19170412d2015||||||| 0rusy0189 ca |
| 101 |
Язык документа |
1_ |
| a |
Язык текста |
rus |
| c |
Язык оригинала |
eng |
| 102 |
Страна публикации |
__ |
| a |
Страна публикации |
RU| |
| 102 |
Страна публикации |
__ |
| a |
Страна публикации |
RU |
| 105 |
Кодированные данные (монография) |
__ |
| a |
Кодированные данные (монография) |
#|||||||000zy |
| 200 |
Заглавие и сведения об ответственности |
1_ |
| a |
Заглавие |
11 законов симпатии |
| e |
Сведения, относящиеся к заглавию |
[вы узнаете, как заставить ваши недостатки работать на вас : 12+] |
| f |
Первые сведения об ответственности |
Мишель Тиллис Ледерман |
| b |
Общее обозначение материала |
Текст |
| 210 |
Выходные данные |
__ |
| a |
Место издания |
Ростов-на-Дону |
| c |
Издательство |
Феникс |
| d |
Дата издания |
2015 |
| 215 |
Физическое описание |
__ |
| a |
Объем |
189, [1] с. |
| d |
Формат |
21 см |
| 225 |
Серия |
__ |
| a |
Серия |
Серия "Вершина успеха" |
| 300 |
Общие примечания |
__ |
| a |
Общие примечания |
3000 экз. |
| 330 |
Аннотация |
__ |
| a |
Аннотация |
Подробно изучив все 11 законов симпатии, изложенных первоклассным специалистом в области развития деловых отношений Мишель Тиллис Ледерман, вы сможете раскрыть в себе огромный потенциал успешного лидера. Вы узнаете, как заставить ваши недостатки работать на вас, а ваши достоинства развить до того уровня, когда они приносят вам реальную пользу в виде полезных знакомств и установления выгодных связей. |
| 333 |
Примечание о целевом назначении |
__ |
| a |
Примечание о целевом назначении |
12+. Для детей старше 12 лет |
| 517 |
Другие варианты заглавия |
__ |
| a |
Другие варианты заглавия |
Одиннадцать законов симпатии |
| 606 |
Тематические рубрики |
__ |
| a |
Основная рубрика |
Психология |
| 606 |
Тематические рубрики |
__ |
| a |
Основная рубрика |
Социальная психология |
| 610 |
Ключевые слова |
__ |
| a |
Ключевые слова |
взаимоотношения |
| a |
Ключевые слова |
влияние на людей |
| a |
Ключевые слова |
восприятие |
| a |
Ключевые слова |
лидерство |
| a |
Ключевые слова |
психология лидерства |
| a |
Ключевые слова |
развитие лидерских качеств |
| a |
Ключевые слова |
самовосприятие |
| a |
Ключевые слова |
симпатия |
| a |
Ключевые слова |
харизма |
| a |
Ключевые слова |
харизматичность |
| 686 |
Индексы других классификаций |
__ |
| 2 |
Код системы |
rubbks |
| a |
Классификационный индекс |
88.533; ст88.5 |
| 700 |
Автор |
_1 |
| a |
Фамилия |
Ледерман |
| b |
Имя |
М. Т. |
| f |
Даты |
1971- |
| g |
Полное личное имя |
Мишель Тиллис |
| 4 |
Код отношения |
070 |
| 801 |
Источник записи |
_0 |
| a |
Страна |
RU |
| b |
Организация |
РГБ |
| c |
Дата составления |
20170412 |
| g |
Правила каталогизации |
КиК/Котельникова |
| 801 |
Источник записи |
_2 |
| a |
Страна |
RU |
| b |
Организация |
Муниципальное бюджетное учреждение культуры "Централизованная библиотечная система" г. Сургут (Центральная городская библиотека им. А. С. Пушкина) |
| c |
Дата составления |
20170412 |
| 852 |
Данные о местонахождении |
__ |
| j |
Шифр хранения |
88.533 |
| i |
Авторский знак |
Л 39 |
| 901 |
Тип документа |
__ |
| t |
Тип документа |
m |
| 903 |
Характеристики (МАРС) |
__ |
| a |
Дата передачи |
20170412 |
| 990 |
Данные о заказе (DOS) |
__ |
| j |
Количество экземпляров (DOS) |
3 |
| t |
N записи в КСУ для И/У (DOS) |
201704 |